LIBRARY & INFORMATION CENTRE, KCAET, TAVANUR

ONLINE PUBLIC ACCESS CATALOGUE (OPAC)

Njan Kanda Khrushchev / (Record no. 6117)

MARC details
000 -LEADER
fixed length control field 00420cam a2200169ua 4500
041 ## - LANGUAGE CODE
Language code of text/sound track or separate title mal
082 ## - DEWEY DECIMAL CLASSIFICATION NUMBER
Classification number 928.2
Item number ABB/NJ
100 ## - MAIN ENTRY--AUTHOR NAME
Personal name Abbas, Khwaja Ahamed .
245 ## - TITLE STATEMENT
Title Njan Kanda Khrushchev /
260 ## - PUBLICATION, DISTRIBUTION, ETC. (IMPRINT)
Place of publication Calicut :
Name of publisher Prabhath Book House ,
Year of publication 1961.
300 ## - PHYSICAL DESCRIPTION
Number of Pages 293 ; .
942 ## - ADDED ENTRY ELEMENTS (KOHA)
Koha item type Books
Holdings
Withdrawn status Lost status Damaged status Home library Current library Date acquired Cost, normal purchase price Full call number Accession Number Koha item type Public note
Withdrawn     KAUAET Malayalam University 07/04/2012 4.00 928.2 7484 Books Transferred to Malayalam University
free website counter